El círculo de la forma (Der Gestaltkreis) (Record no. 140676)

MARC details
000 -LEADER
campo de control de longitud fija 01046nam a2200289 i 4500
001 - NÚMERO DE CONTROL
campo de control 140676
003 - IDENTIFICADOR DE NÚMERO DE CONTROL
campo de control ES-MaACL
005 - FECHA Y HORA DE LA ÚLTIMA TRANSACCIÓN
campo de control 20251223063020.0
007 - CAMPO FIJO DE DESCRIPCIÓN FÍSICA--INFORMACIÓN GENERAL
campo de control de longitud fija t|
008 - DATOS DE LONGITUD FIJA--INFORMACIÓN GENERAL
campo de control de longitud fija 070914s1962 sp ||||1| spa d
080 ## - NÚMERO DE LA CLASIFICACIÓN DECIMAL UNIVERSAL
Número de la Clasificación Decimal Universal 159.9(04)
080 ## - NÚMERO DE LA CLASIFICACIÓN DECIMAL UNIVERSAL
Número de la Clasificación Decimal Universal 159.98
080 ## - NÚMERO DE LA CLASIFICACIÓN DECIMAL UNIVERSAL
Número de la Clasificación Decimal Universal 159.943
100 1# - ENTRADA PRINCIPAL--NOMBRE DE PERSONA
Nombre de persona Weizsäcker, Viktor von
9 (RLIN) 133901
245 13 - MENCIÓN DEL TÍTULO
Título El círculo de la forma (Der Gestaltkreis)
Resto del título : Teoría de la unidad de percepción y movimiento /
Mención de responsabilidad, etc. Viktor von Weizsèacker ; [versión del Dr. Agustín Serrate] ; prólogo por el doctor Alfonso Alvarez Villar...
260 ## - PUBLICACIÓN, DISTRIBUCIÓN, ETC.
Lugar de publicación, distribución, etc. Madrid :
Nombre del editor, distribuidor, etc. Morata,
Fecha de publicación, distribución, etc. [1962]
300 ## - DESCRIPCIÓN FÍSICA
Extensión 279 p. ;
Dimensiones 20 cm.
490 1# - MENCIÓN DE SERIE
Mención de serie Filosofía, psicología, pedagogía
650 14 - PUNTO DE ACCESO ADICIONAL DE MATERIA--TÉRMINO DE MATERIA
Término de materia o nombre geográfico como elemento de entrada Percepción.
9 (RLIN) 15929
650 17 - PUNTO DE ACCESO ADICIONAL DE MATERIA--TÉRMINO DE MATERIA
Término de materia o nombre geográfico como elemento de entrada Psicología de la forma
Fuente del encabezamiento o término embne
9 (RLIN) 16560
650 14 - PUNTO DE ACCESO ADICIONAL DE MATERIA--TÉRMINO DE MATERIA
Término de materia o nombre geográfico como elemento de entrada Psicomotricidad.
9 (RLIN) 16576
700 1# - ENTRADA AGREGADA--NOMBRE PERSONAL
Nombre de persona Serrate Torrente, Agustín.
9 (RLIN) 105823
700 1# - ENTRADA AGREGADA--NOMBRE PERSONAL
Nombre de persona Alvarez Villa, Alfonso.
9 (RLIN) 20995
830 00 - PUNTO DE ACCESO ADICIONAL DE SERIE-TÍTULO UNIFORME
Título uniforme Filosofía, psicología, pedagogía
9 (RLIN) 181408
852 ## - LOCALIZACIÓN
Ubicación ES-MaACL
Número de control de estantería C-22006
Sublocalización o colección R.50401
Holdings
Estatus retirado Estado de pérdida Estado de daño No para préstamo Biblioteca de origen Biblioteca actual Ubicación en estantería Fecha de adquisición Fuente de adquisición Total de préstamos Signatura topográfica completa Código de barras Visto por última vez Precio de reemplazo Tipo de ítem Koha
        Biblioteca del Ateneo de Madrid Biblioteca del Ateneo de Madrid Galería 17/01/2008     C-22006 1146389 23/02/2023 23/02/2023 Libro impreso